000 00894nam a22002897a 4500
003 CHAP
005 20220817042417.0
008 971013s1953 r 00010 d
010 _a43865
011 _a44837
035 _a48976
040 _cCHAP
082 _a634.9618
_bF3
110 _aFAO
245 _aMétodos de lucha contra los incendios forestales
260 _aRoma :
_bFAO,
_c1953
300 _a131 p.
_b: ilus.
490 _aFAO. Estudios de silvicultura y productos forestales
_v; 5
590 _aBATCH-UPD
_b10
_c20130110
_lUCH01
_h0217
590 _aBATCH-UPD
_b10
_c20130110
_lUCH01
_h1655
590 _aCONVERSION
_b10
_c20130109
_lUCH01
_h1324
650 1 4 _aBosques
_xIncendios.
_914211
830 0 _aFAO. Estudios de silvicultura y productos forestales
_v; 5
_939550
901 _aBK
942 _cLIBRO
949 _a634.9618 F3
_bBC
_cFAO
_d-110649
_eFAO1
_h17022
_i48976
_mD
_si
999 _c43865
_d43865